[Event "21st ch-EUR Indiv w 2021"]
[Site "Iasi ROU"]
[Date "2021.08.17"]
[Round "8.55"]
[White "Tamrazyan, Gohar"]
[Black "Hercog, Nusa"]
[Result "1-0"]
[BlackTitle "WFM"]
[WhiteElo "1973"]
[BlackElo "2000"]
[WhiteFideId "1330799"]
[BlackFideId "14614324"]
[EventDate "2021.08.09"]

1. e4 c6 2. Nc3 d5 3. Nf3 Bg4 4. h3 Bxf3 5. Qxf3 e6 6. d3 Nf6 7. a3 Nbd7 8. g3
Qa5 9. Bd2 Qb6 10. Nd1 Bd6 11. Bg2 O-O 12. O-O a5 13. Qe2 d4 14. f4 e5 15. f5 h6
16. g4 Nh7 17. h4 Be7 18. Qf2 Qd8 19. Be1 a4 20. Kh2 b5 21. Qg3 c5 22. b3 b4 23.
axb4 axb3 24. Rxa8 Qxa8 25. cxb3 cxb4 26. Qf2 Nc5 27. Nb2 Qa3 28. Nc4 Qxb3 29.
Nxe5 Nxd3 30. Qxd4 Rd8 31. Qe3 Nc5 32. Qxb3 Nxb3 33. Nc6 Re8 34. Nxe7+ Rxe7 35.
Bxb4 Re8 36. Kg3 Nf6 37. Kf4 Nd7 38. Rd1 Ne5 39. g5 f6 40. Bf1 hxg5+ 41. hxg5
Rc8 42. Ba6 Rb8 43. g6 Re8 44. Bb7 1-0

[Event "21st ch-EUR Indiv w 2021"]
[Site "Iasi ROU"]
[Date "2021.08.17"]
[Round "8.56"]
[White "Trippold, Denise"]
[Black "Mirza, Diana"]
[Result "1-0"]
[WhiteTitle "WFM"]
[BlackTitle "WFM"]
[WhiteElo "2098"]
[BlackElo "1933"]
[WhiteFideId "1625594"]
[BlackFideId "2503999"]
[EventDate "2021.08.09"]

1. d4 d5 2. c4 c6 3. Nf3 Nf6 4. e3 e6 5. Nbd2 Be7 6. Bd3 O-O 7. O-O Nfd7 8. e4
dxe4 9. Nxe4 Nf6 10. Qe2 Nbd7 11. Re1 Nxe4 12. Qxe4 Nf6 13. Qh4 Re8 14. Ne5 g6
15. Qf4 c5 16. dxc5 Bxc5 17. Qf3 Be7 18. Bg5 Kg7 19. Rad1 Qc7 20. Qf4 Bd8 21.
Qh4 Ng8 22. Bxd8 Qxd8 23. Qg3 Qf6 24. b3 Nh6 25. Bb1 Nf5 26. Qf4 Qh4 27. Qf3 Qg5
28. Qc3 Qf6 29. Be4 a5 30. Rd3 Kg8 31. c5 Nh4 32. g3 Qg5 33. f4 Qh6 34. Ng4 Qg7
35. Nf6+ 1-0

[Event "21st ch-EUR Indiv w 2021"]
[Site "Iasi ROU"]
[Date "2021.08.17"]
[Round "8.57"]
[White "Von Herman, Brigitte"]
[Black "Babineca, Darja"]
[Result "1/2-1/2"]
[WhiteTitle "WFM"]
[WhiteElo "1991"]
[BlackElo "1756"]
[WhiteFideId "4628730"]
[BlackFideId "1337440"]
[EventDate "2021.08.09"]

1. e4 c5 2. c3 d5 3. exd5 Qxd5 4. d4 Nc6 5. Nf3 Bf5 6. Be3 cxd4 7. Nxd4 Rd8 8.
Qb3 Nxd4 9. Bxd4 Qxb3 10. axb3 a6 11. Nd2 f6 12. b4 e5 13. Bb6 Rd6 14. Bc5 Rd8
15. Bb6 Rd6 16. Nc4 Rc6 17. Be3 Kf7 18. Rd1 Be6 19. Na5 Rc7 20. Bb6 Re7 21. Be2
f5 22. Bd8 Rd7 23. Rxd7+ Bxd7 24. Nxb7 Bc6 25. Na5 Bb5 26. Bxb5 axb5 27. Ke2 Ne7
28. Rd1 Ke6 29. Bxe7 Bxe7 30. Ra1 Bg5 31. Nb3 Kd5 32. Ra7 Bh6 33. Rb7 Rd8 34.
Na5 Ke6 35. Rb6+ Kf7 36. Rxb5 Rd2+ 37. Ke1 Rxb2 38. Rxe5 Bd2+ 39. Kd1 Bxc3 40.
Rxf5+ Kg6 41. Rf3 Bxb4 42. Nc4 Ra2 43. Ne5+ Kh6 44. Nd3 Ba5 45. h3 g6 46. Re3 1/2-1/2

[Event "21st ch-EUR Indiv w 2021"]
[Site "Iasi ROU"]
[Date "2021.08.17"]
[Round "8.58"]
[White "Pirvan, Maria"]
[Black "Andries, Alexia"]
[Result "1/2-1/2"]
[WhiteElo "1628"]
[BlackElo "1420"]
[WhiteFideId "1262629"]
[BlackFideId "1267272"]
[EventDate "2021.08.09"]

1. e4 c5 2. Nf3 e6 3. d4 cxd4 4. Nxd4 a6 5. c4 Nf6 6. Nc3 d6 7. Be3 Nbd7 8. Be2
Be7 9. f3 Qc7 10. Qd2 b6 11. O-O-O Bb7 12. Kb1 Rc8 13. Rc1 Qb8 14. g4 h6 15. h4
Qa8 16. g5 Nh5 17. gxh6 gxh6 18. Bxh6 Ng3 19. Rh3 Nxe2 20. Ncxe2 Ne5 21. Bg7 Rh7
22. Bxe5 dxe5 23. Nb3 a5 24. Rg1 f6 25. h5 Kf7 26. h6 Rg8 27. Rxg8 Qxg8 28. Rg3
Qd8 29. Qe3 a4 30. Nbc1 Bc5 31. Qc3 Rxh6 32. a3 Qd1 33. Qd3 Qxd3+ 34. Nxd3 Be3
35. Rg2 Ba6 36. Nc3 Bxc4 37. Nf2 Bb3 38. Ncd1 Bf4 39. Rg1 Rh8 40. Nd3 Rd8 41.
N1f2 Be3 42. Re1 Bxf2 43. Nxf2 Rd2 44. Nh3 Rd1+ 45. Rxd1 Bxd1 46. Ng1 Kg6 47.
Kc1 Bb3 48. Kd2 Kg5 49. Ke3 Kg6 50. Nh3 Kf7 51. Nf2 Ke7 52. Ng4 Bc4 53. Kf2 Kf7
54. Kg2 Kg6 55. Kg3 Kg5 56. Ne3 Bd3 57. Ng2 Bb1 58. Ne3 f5 59. exf5 exf5 60. Nc4
b5 61. Nxe5 Kf6 62. Nc6 Bd3 63. Kf4 Bc4 64. Nd4 Bd3 65. Nc6 1/2-1/2

[Event "21st ch-EUR Indiv w 2021"]
[Site "Iasi ROU"]
[Date "2021.08.18"]
[Round "9.1"]
[White "Osmak, Iulija"]
[Black "Danielian, Elina"]
[Result "1/2-1/2"]
[WhiteTitle "IM"]
[BlackTitle "GM"]
[WhiteElo "2418"]
[BlackElo "2407"]
[WhiteFideId "14101602"]
[BlackFideId "13300210"]
[EventDate "2021.08.09"]

1. d4 Nf6 2. c4 e6 3. Nf3 b6 4. g3 Bb7 5. Bg2 Be7 6. O-O O-O 7. Nc3 Ne4 8. Bd2
Bf6 9. Re1 Nxc3 10. Bxc3 Be4 11. Ne5 Bxg2 12. Kxg2 d6 13. Ng4 Be7 14. e4 Nd7 15.
Ne3 c5 16. d5 e5 17. f4 exf4 18. gxf4 Bf6 19. Qd3 g6 20. Ng4 Bxc3 21. Qxc3 Qh4
22. Qg3 Qxg3+ 23. hxg3 h5 24. Nf2 Rfe8 25. Nd3 f6 26. Kf3 Re7 27. Re3 Rae8 28.
Rae1 Kg7 29. b3 a6 30. a4 g5 31. R1e2 Rh8 32. Rh2 Kg6 33. Nf2 Reh7 34. Re1 h4
35. Reh1 hxg3 36. Rxh7 Rxh7 37. Rxh7 Kxh7 38. Kxg3 Kg6 39. Nd3 gxf4+ 40. Nxf4+
Kf7 41. Kf3 Ne5+ 42. Ke3 Ng4+ 43. Kf3 Ne5+ 44. Ke3 Ng4+ 45. Kf3 1/2-1/2

[Event "21st ch-EUR Indiv w 2021"]
[Site "Iasi ROU"]
[Date "2021.08.18"]
[Round "9.2"]
[White "Maltsevskaya, Aleksandra"]
[Black "Khotenashvili, Bela"]
[Result "0-1"]
[WhiteTitle "WGM"]
[BlackTitle "GM"]
[WhiteElo "2409"]
[BlackElo "2471"]
[WhiteFideId "24174041"]
[BlackFideId "13602640"]
[EventDate "2021.08.09"]

1. e4 c6 2. d4 d5 3. e5 Bf5 4. h4 h5 5. c4 e6 6. Nc3 dxc4 7. Bxc4 Nd7 8. Nge2
Be7 9. Ng3 Bg6 10. Nce4 Qb6 11. O-O O-O-O 12. Be3 Nxe5 13. Be2 Ng4 14. Bxg4 hxg4
15. d5 Qc7 16. Nc3 Nf6 17. Nb5 Qa5 18. Nxa7+ Kc7 19. Bf4+ Bd6 20. Qd4 Qxd5 21.
Bxd6+ Rxd6 22. Qa4 Qd4 23. b4 Nd5 24. Rac1 Kb8 25. Nxc6+ Rxc6 26. Rxc6 bxc6 27.
Qxc6 Qb6 28. Qa4 Qxb4 29. Qd7 Rc8 30. h5 Nf6 31. Qd1 Nxh5 32. Nxh5 Bxh5 33. Qa1
Bg6 34. Qe5+ Kb7 35. Rd1 Rc7 36. a3 Qc5 37. Qe2 Qc4 38. Qb2+ Ka7 39. Qe5 Qc5 40.
Qf4 Bc2 41. Rd8 f5 42. Re8 Bb3 43. Kh2 g5 44. Qd2 Qe5+ 0-1

[Event "21st ch-EUR Indiv w 2021"]
[Site "Iasi ROU"]
[Date "2021.08.18"]
[Round "9.3"]
[White "Daulyte-Cornette, Deimante"]
[Black "Javakhishvili, Lela"]
[Result "1/2-1/2"]
[WhiteTitle "IM"]
[BlackTitle "IM"]
[WhiteElo "2408"]
[BlackElo "2470"]
[WhiteFideId "12802859"]
[BlackFideId "13601458"]
[EventDate "2021.08.09"]

1. e4 c5 2. Nf3 e6 3. d4 cxd4 4. Nxd4 a6 5. g3 d5 6. Nb3 dxe4 7. Qxd8+ Kxd8 8.
N1d2 Nf6 9. Bg2 Nbd7 10. Nxe4 Nxe4 11. Bxe4 Nc5 12. Nxc5 Bxc5 13. Bf4 f6 14.
O-O-O+ Ke7 15. Rd2 e5 16. Re1 Rd8 17. Rxd8 Kxd8 18. Be3 Bxe3+ 19. Rxe3 h6 20. f4
exf4 21. gxf4 Ra7 22. Rd3+ Ke7 23. f5 b5 24. Kd2 Bb7 25. Rg3 g5 26. Bd3 Kd6 27.
Rh3 Bc8 28. a3 Rh7 29. Re3 Bd7 30. c4 h5 31. b4 bxc4 32. Bxc4 g4 33. Bxa6 h4 34.
Ke1 Bxf5 35. Bd3 Rh5 36. Kf2 Bd7 37. Be2 Rf5+ 38. Kg1 Rd5 39. Rd3 Rxd3 40. Bxd3
f5 41. a4 f4 42. b5 Kc5 43. Be4 Be6 44. Bc6 Kb6 45. Kf2 Bb3 46. h3 g3+ 47. Kf3
Bxa4 48. Kxf4 Bxb5 49. Bg2 Bc6 50. Kg4 Bxg2 51. Kxh4 1/2-1/2

[Event "21st ch-EUR Indiv w 2021"]
[Site "Iasi ROU"]
[Date "2021.08.18"]
[Round "9.4"]
[White "Buksa, Nataliya"]
[Black "Mammadova, Gulnar"]
[Result "1-0"]
[WhiteTitle "IM"]
[BlackTitle "IM"]
[WhiteElo "2413"]
[BlackElo "2385"]
[WhiteFideId "14123622"]
[BlackFideId "13403508"]
[EventDate "2021.08.09"]

1. e4 g6 2. d4 Bg7 3. Nc3 c6 4. f4 d5 5. e5 Qb6 6. Na4 Qc7 7. Be3 Nh6 8. h3 f6
9. Nf3 Bf5 10. Be2 Be4 11. Nc5 Nf5 12. Bf2 b6 13. Nb3 Bh6 14. g3 Nd7 15. Rg1
Bxf3 16. Bxf3 fxe5 17. dxe5 e6 18. Qe2 O-O 19. g4 Ne7 20. g5 Bg7 21. Nd4 Kf7 22.
Bg4 Nf5 23. Bxf5 gxf5 24. Qh5+ Ke7 25. Qxh7 Rg8 26. g6 Nxe5 27. fxe5 Qxe5+ 28.
Kf1 Qf4 29. Re1 e5 30. Rxe5+ Kd6 31. Re6+ Kd7 32. Re2 Qc1+ 33. Kg2 Qxb2 34. Rge1 1-0

[Event "21st ch-EUR Indiv w 2021"]
[Site "Iasi ROU"]
[Date "2021.08.18"]
[Round "9.5"]
[White "Arabidze, Meri"]
[Black "Kiolbasa, Oliwia"]
[Result "1/2-1/2"]
[WhiteTitle "IM"]
[BlackTitle "WIM"]
[WhiteElo "2438"]
[BlackElo "2288"]
[WhiteFideId "13604040"]
[BlackFideId "1154613"]
[EventDate "2021.08.09"]

1. d4 d5 2. c4 e6 3. Nf3 Nf6 4. g3 dxc4 5. Bg2 c5 6. O-O Nc6 7. dxc5 Qxd1 8.
Rxd1 Bxc5 9. Nbd2 c3 10. bxc3 O-O 11. Ne1 Rd8 12. Nd3 Be7 13. Rb1 Nd5 14. Bb2
Bd7 15. Ba1 b6 16. c4 Nf6 17. Nb3 Be8 18. c5 Nd5 19. Rdc1 Rac8 20. Be4 Ncb4 21.
Nxb4 Nxb4 22. a3 Nd5 23. Bd4 bxc5 24. Bxc5 Bxc5 25. Nxc5 Nb6 26. Bd3 Rc7 27. Ne4
Rxc1+ 28. Rxc1 Rc8 29. Rb1 Ba4 30. Nd6 Rc3 31. Nc4 Bb3 32. Nxb6 axb6 33. f4 g6
34. Kf2 Ba2 35. Ra1 Bc4 36. Bxc4 Rxc4 37. Rb1 Rc3 38. a4 Rc4 39. Rxb6 Rxa4 1/2-1/2

[Event "21st ch-EUR Indiv w 2021"]
[Site "Iasi ROU"]
[Date "2021.08.18"]
[Round "9.6"]
[White "Narva, Mai"]
[Black "Mammadzada, Gunay"]
[Result "1-0"]
[WhiteTitle "WIM"]
[BlackTitle "IM"]
[WhiteElo "2276"]
[BlackElo "2460"]
[WhiteFideId "4500512"]
[BlackFideId "13403729"]
[EventDate "2021.08.09"]

1. e4 c5 2. Nf3 d6 3. d4 cxd4 4. Nxd4 Nf6 5. Nc3 a6 6. h3 e6 7. g4 h6 8. Bg2 Be7
9. h4 g6 10. g5 hxg5 11. Bxg5 e5 12. Nde2 Be6 13. Qd2 Ng4 14. Bxe7 Qxe7 15. f3
Rxh4 16. O-O-O Nf2 17. Rxh4 Qxh4 18. Rf1 Nc6 19. Qe3 Nh3 20. Rh1 Na5 21. Bxh3
Nc4 22. Qd3 Rc8 23. b3 Bxh3 24. bxc4 Qf2 25. Qxd6 Qxf3 26. Qxe5+ Be6 27. Rh8+
Kd7 28. Qd4+ Kc7 29. Qc5+ Kb8 30. Rxc8+ Bxc8 31. Kb2 1-0

[Event "21st ch-EUR Indiv w 2021"]
[Site "Iasi ROU"]
[Date "2021.08.18"]
[Round "9.7"]
[White "Injac, Teodora"]
[Black "Milliet, Sophie"]
[Result "1/2-1/2"]
[WhiteTitle "WGM"]
[BlackTitle "IM"]
[WhiteElo "2370"]
[BlackElo "2403"]
[WhiteFideId "932400"]
[BlackFideId "623725"]
[EventDate "2021.08.09"]

1. d4 Nf6 2. c4 e6 3. Nf3 b6 4. a3 Ba6 5. e3 d5 6. Nbd2 Be7 7. b4 O-O 8. Bb2 c5
9. dxc5 bxc5 10. b5 Bb7 11. Be2 Nbd7 12. O-O a6 13. a4 axb5 14. axb5 Rxa1 15.
Qxa1 Qc7 16. Bc3 Ra8 17. Qb2 Nb6 18. Be5 Qc8 19. Ra1 Ne8 20. Bd3 f6 21. Bg3 Nd6
22. Bxd6 Bxd6 23. Rc1 f5 24. cxd5 exd5 25. Nh4 Na4 26. Qa1 Nb6 27. Qb2 Na4 28.
Qa1 Nb6 1/2-1/2

[Event "21st ch-EUR Indiv w 2021"]
[Site "Iasi ROU"]
[Date "2021.08.18"]
[Round "9.8"]
[White "Sargsyan, Anna M."]
[Black "Garifullina, Leya"]
[Result "1/2-1/2"]
[WhiteTitle "WGM"]
[BlackTitle "WGM"]
[WhiteElo "2388"]
[BlackElo "2385"]
[WhiteFideId "13308130"]
[BlackFideId "34127035"]
[EventDate "2021.08.09"]

1. e4 c5 2. Nf3 d6 3. Bb5+ Bd7 4. c4 Nf6 5. Nc3 g6 6. d4 cxd4 7. Nxd4 Bg7 8. O-O
O-O 9. Re1 a6 10. Bxd7 Nfxd7 11. Be3 Nc6 12. Rc1 Rc8 13. b3 Nc5 14. Nxc6 Rxc6
15. Bd4 Bh6 16. Be3 Bg7 17. Bd4 Bh6 18. Rc2 Ne6 19. Be3 Bg7 20. Nd5 Re8 21. f4
Nc5 22. e5 dxe5 23. Rd2 Nd7 24. Bf2 Qc8 25. Bh4 Re6 26. g4 f6 27. f5 Rc6 28. Nb4
Rc7 29. Nd5 Rc6 30. Nb4 Rd6 31. Nd5 1/2-1/2

[Event "21st ch-EUR Indiv w 2021"]
[Site "Iasi ROU"]
[Date "2021.08.18"]
[Round "9.9"]
[White "Batsiashvili, Nino"]
[Black "Mkrtchian, Lilit"]
[Result "1-0"]
[WhiteTitle "GM"]
[BlackTitle "IM"]
[WhiteElo "2487"]
[BlackElo "2388"]
[WhiteFideId "13602993"]
[BlackFideId "13300601"]
[EventDate "2021.08.09"]

1. c4 Nf6 2. Nf3 e6 3. g3 d5 4. Bg2 d4 5. d3 c5 6. e4 Nc6 7. e5 Nd7 8. Bf4 Be7
9. h4 f6 10. exf6 gxf6 11. Nxd4 Nxd4 12. Qh5+ Kf8 13. Bh6+ Kg8 14. Qg4+ Kf7 15.
Qg7+ Ke8 16. Qxh8+ Nf8 17. O-O Nc2 18. Nc3 Nxa1 19. Rxa1 Kd7 20. Rd1 Kc7 21. d4
cxd4 22. Nb5+ Kb6 23. Rxd4 Bd7 24. Bxf8 Bxf8 25. Qxh7 Be7 26. Qd3 1-0

[Event "21st ch-EUR Indiv w 2021"]
[Site "Iasi ROU"]
[Date "2021.08.18"]
[Round "9.10"]
[White "Bodnaruk, Anastasia"]
[Black "Zimina, Olga"]
[Result "1-0"]
[WhiteTitle "IM"]
[BlackTitle "IM"]
[WhiteElo "2449"]
[BlackElo "2345"]
[WhiteFideId "4181751"]
[BlackFideId "4132190"]
[EventDate "2021.08.09"]

1. e4 c6 2. d4 d5 3. e5 Bf5 4. Nf3 e6 5. Be2 Bb4+ 6. c3 Ba5 7. Nbd2 Nd7 8. O-O
Bg6 9. Re1 Ne7 10. Nh4 Nf5 11. Nxg6 fxg6 12. Nf3 O-O 13. Bg5 Qe8 14. g4 Nh6 15.
h3 b5 16. Qd2 Nf7 17. Be3 Rb8 18. b4 Bd8 19. a4 a6 20. axb5 axb5 21. Kg2 Nb6 22.
Qc2 Nh6 23. Kg3 Nc4 24. h4 Bc7 25. Bd3 Rxf3+ 26. Kxf3 Qf7+ 27. Kg3 Rf8 28. Qe2
Nxe5 29. dxe5 Bxe5+ 30. Kg2 Bxc3 31. Ra7 Qf6 32. g5 Qe5 33. gxh6 Bxe1 34. Rxg7+
Kh8 35. Qxe1 Qh5 36. Qa1 e5 37. Rxh7+ Kg8 38. Be2 Qxe2 39. Rh8+ Kf7 40. Rxf8+
Kxf8 41. Qa8+ Kf7 42. Qb7+ Ke6 43. Qc8+ Ke7 44. Bg5+ Kd6 45. Qd8+ Ke6 46. Qf6+
Kd7 47. Qf3 1-0

[Event "21st ch-EUR Indiv w 2021"]
[Site "Iasi ROU"]
[Date "2021.08.18"]
[Round "9.11"]
[White "Schulze, Lara"]
[Black "Girya, Olga"]
[Result "1/2-1/2"]
[WhiteTitle "FM"]
[BlackTitle "WGM"]
[WhiteElo "2269"]
[BlackElo "2425"]
[WhiteFideId "12956830"]
[BlackFideId "4195752"]
[EventDate "2021.08.09"]

1. e4 e6 2. d4 d5 3. Nd2 c5 4. Ngf3 cxd4 5. Nxd4 Nf6 6. exd5 Nxd5 7. N2f3 Bb4+
8. Bd2 O-O 9. c4 Bxd2+ 10. Qxd2 Nf6 11. a3 e5 12. Nb5 Nc6 13. Be2 Bg4 14. h3
Bxf3 15. Bxf3 Qxd2+ 16. Kxd2 e4 17. Be2 a6 18. Nc3 Nd4 19. Rad1 Rac8 20. Ke3
Nxe2 21. Kxe2 Rxc4 22. Ke3 Rfc8 23. Rd4 Rxd4 24. Kxd4 Kf8 25. Re1 Rd8+ 26. Ke5
Ke7 27. Nxe4 Nxe4 28. Kxe4 Rd2 29. Kf3+ Kd6 30. Re2 Rxe2 31. Kxe2 Kd5 32. Kd3 a5
33. a4 Kc5 34. Kc3 h6 35. h4 h5 36. g3 f6 37. f3 g5 38. f4 g4 39. b3 b5 40. axb5
Kxb5 41. Kc2 Kc6 42. Kd2 Kd6 43. Kc2 Kc6 44. Kd2 Kb6 45. Kd3 Kb5 46. Kc2 Kb4 47.
Kb2 f5 48. Kc2 Kb5 49. Kd3 Kc5 50. Kc3 Kd5 51. Kd3 1/2-1/2

[Event "21st ch-EUR Indiv w 2021"]
[Site "Iasi ROU"]
[Date "2021.08.18"]
[Round "9.12"]
[White "Badelka, Olga"]
[Black "Balajayeva, Khanim"]
[Result "1-0"]
[WhiteTitle "IM"]
[BlackTitle "WGM"]
[WhiteElo "2418"]
[BlackElo "2376"]
[WhiteFideId "13509926"]
[BlackFideId "13406396"]
[EventDate "2021.08.09"]

1. e4 e5 2. Bc4 Nc6 3. Nc3 Nf6 4. d3 d6 5. f4 Bg4 6. Nge2 Na5 7. Bb3 Nxb3 8.
axb3 exf4 9. Bxf4 Be7 10. O-O O-O 11. h3 Bh5 12. Qe1 Bg6 13. Ng3 c6 14. Qf2 a6
15. Rae1 Nh5 16. Nxh5 Bxh5 17. g4 Bg6 18. Bg3 Bf6 19. h4 h6 20. h5 Bh7 21. Qf3
Qe7 22. Re2 Rad8 23. Bf4 Rd7 24. Nd1 Be5 25. Bxe5 Qxe5 26. Qf4 Re8 27. Qxe5 Rxe5
28. Ne3 Kf8 29. Kg2 f6 30. Kf3 Bg8 31. d4 Re8 32. Nf5 Bh7 33. Kf4 Bxf5 34. gxf5
a5 35. Rd1 b6 36. Rd3 Ree7 37. Rc3 c5 38. Rd2 Ke8 39. Rcd3 Rc7 40. dxc5 dxc5 41.
Rd8+ Kf7 42. Rb8 Rb7 43. Rdd8 Rec7 44. Rf8+ Ke7 45. Rbe8+ Kd7 46. Re6 b5 47. Rg8
c4 48. Rxg7+ Kd8 49. Rg8+ Kd7 50. Rxf6 a4 51. bxa4 bxa4 52. Rg7+ Ke8 53. Rxc7
Rxc7 54. Ra6 c3 55. bxc3 Rxc3 56. Rxa4 Kf7 57. Ra7+ Kg8 58. f6 Rxc2 59. Kf5 Rg2
60. Ke6 Rf2 61. e5 Rf1 62. Ke7 Rf2 63. Ke8 1-0

[Event "21st ch-EUR Indiv w 2021"]
[Site "Iasi ROU"]
[Date "2021.08.18"]
[Round "9.13"]
[White "Unuk, Laura"]
[Black "Sliwicka, Alicja"]
[Result "1-0"]
[WhiteTitle "IM"]
[BlackTitle "WIM"]
[WhiteElo "2407"]
[BlackElo "2306"]
[WhiteFideId "14609215"]
[BlackFideId "1150677"]
[EventDate "2021.08.09"]

1. d4 Nf6 2. c4 g6 3. Nc3 d5 4. Nf3 Bg7 5. Qb3 dxc4 6. Qxc4 O-O 7. e4 Na6 8. Be2
c5 9. d5 e6 10. O-O exd5 11. exd5 Bf5 12. Be3 Re8 13. Rac1 Ne4 14. Qb3 Rb8 15.
Nb5 Qf6 16. Nc3 h6 17. Rfd1 Nd6 18. Qa3 Ne4 19. Bb5 Red8 20. Bf4 Nd6 21. Bxa6
bxa6 22. Be5 Qe7 23. Bxg7 Kxg7 24. Qxc5 Rxb2 25. Nd4 Qg5 26. Nxf5+ Nxf5 27. Ne4
Qg4 28. Qc3+ Kf8 29. Qh8+ Ke7 30. Rc7+ Rd7 31. Qf6+ 1-0

[Event "21st ch-EUR Indiv w 2021"]
[Site "Iasi ROU"]
[Date "2021.08.18"]
[Round "9.14"]
[White "Hoang, Thanh Trang"]
[Black "Beydullayeva, Govhar"]
[Result "1/2-1/2"]
[WhiteTitle "GM"]
[BlackTitle "WIM"]
[WhiteElo "2404"]
[BlackElo "2282"]
[WhiteFideId "12400149"]
[BlackFideId "13413015"]
[EventDate "2021.08.09"]

1. d4 Nf6 2. Nf3 e6 3. e3 b6 4. Bd3 Bb7 5. O-O d5 6. b3 Bd6 7. c4 Nbd7 8. cxd5
exd5 9. Ba3 Qe7 10. Bxd6 Qxd6 11. Nc3 a6 12. Rc1 O-O 13. Qc2 Rfe8 14. Na4 Rac8
15. Nc5 bxc5 16. dxc5 Nxc5 17. Qxc5 Qxc5 18. Rxc5 Nd7 19. Ra5 g6 20. b4 c5 21.
bxc5 Nxc5 22. Be2 Ne6 23. Rb1 Rc7 24. h3 d4 25. exd4 Bxf3 26. Bxf3 Nxd4 27. Bd1
Re1+ 28. Kh2 Rc6 29. Rd5 Nb5 30. Rb2 Kg7 31. Ba4 Ra1 32. Rd7 Rf6 33. Bb3 Rf1 34.
f3 Nd6 35. Rc2 h5 36. Rc6 Nf5 37. Rxf6 Kxf6 38. Rxf7+ Kg5 39. g4 Ne3 40. gxh5
Rf2+ 41. Kg1 Rf1+ 42. Kh2 Rf2+ 43. Kg1 Rf1+ 1/2-1/2

[Event "21st ch-EUR Indiv w 2021"]
[Site "Iasi ROU"]
[Date "2021.08.18"]
[Round "9.15"]
[White "Zawadzka, Jolanta"]
[Black "Antova, Gabriela"]
[Result "0-1"]
[WhiteTitle "WGM"]
[BlackTitle "FM"]
[WhiteElo "2403"]
[BlackElo "2292"]
[WhiteFideId "1122320"]
[BlackFideId "2915235"]
[EventDate "2021.08.09"]

1. e4 c5 2. Nf3 d6 3. Bb5+ Nd7 4. Ba4 Nf6 5. O-O a6 6. c4 g6 7. Nc3 Bg7 8. d3
O-O 9. h3 Rb8 10. Bg5 h6 11. Be3 b6 12. Qd2 Kh7 13. Rab1 Bb7 14. b4 e6 15. Rfc1
Qc7 16. Bd1 Ng8 17. d4 cxd4 18. Nxd4 Ngf6 19. f3 Ne5 20. Be2 Rfd8 21. Bf1 Qd7
22. Nb3 Rdc8 23. Bxb6 Nxc4 24. Bxc4 Rxc4 25. Na5 Rxc3 26. Rxc3 Bxe4 27. Re1 Rxb6
28. fxe4 Rxb4 29. Rc4 Rxc4 30. Nxc4 d5 31. exd5 Nxd5 32. Ne5 Qc7 33. Qd4 Nb4 34.
Qxb4 Bxe5 35. Qe4 Bg7 36. Rb1 Qc5+ 37. Kh1 Qf2 38. a4 a5 39. Rb3 Qf1+ 40. Kh2
Qa1 41. Rb5 Bd4 42. Rb1 Qxa4 43. Kh1 Qa2 44. Rf1 e5 45. h4 h5 46. Qf3 Kg8 47.
Qa8+ Kg7 48. Qd8 Qe6 49. Qxa5 e4 50. Qd2 Be5 51. Qe3 Qg4 52. Qf2 Kh8 53. Kg1 f5
54. Qc5 Qg3 55. Rb1 Qh2+ 56. Kf1 Qh1+ 57. Kf2 Qxh4+ 58. Ke2 Qg4+ 59. Kf1 Qf4+
60. Ke2 Kh7 61. Rb7+ Kh6 62. Rd7 Qg3 63. Kf1 e3 64. Qc2 Qh4 65. g3 Qh1+ 66. Ke2
Qg2+ 67. Kd3 Qe4+ 0-1

[Event "21st ch-EUR Indiv w 2021"]
[Site "Iasi ROU"]
[Date "2021.08.18"]
[Round "9.16"]
[White "Peycheva, Gergana"]
[Black "Socko, Monika"]
[Result "1/2-1/2"]
[WhiteTitle "FM"]
[BlackTitle "GM"]
[WhiteElo "2332"]
[BlackElo "2393"]
[WhiteFideId "2916711"]
[BlackFideId "1106619"]
[EventDate "2021.08.09"]

1. d4 Nf6 2. c4 g6 3. Nc3 d5 4. cxd5 Nxd5 5. Bd2 Bg7 6. e4 Nxc3 7. Bxc3 O-O 8.
Qd2 b6 9. Nf3 Bg4 10. Be2 Nd7 11. Rd1 e6 12. h3 Bxf3 13. Bxf3 c5 14. O-O cxd4
15. Bxd4 Ne5 16. Be2 Rc8 17. Ba6 Rc7 18. Bxe5 Qxd2 19. Rxd2 Bxe5 20. b3 Bf4 21.
Rd3 Rc2 22. a4 Bd2 23. f4 Bb4 24. Rd7 Rd2 25. Rd1 Bc5+ 26. Kh2 Rxd1 27. Rxd1 Re8
28. Kg3 Re7 29. Kf3 Rc7 30. g4 h6 31. Rd3 Kg7 32. Rd1 Be7 33. Bc4 g5 34. f5 Kf6
35. fxe6 fxe6 36. e5+ Kxe5 37. Re1+ Kd4 38. Re4+ Kc3 39. Re3+ Kd4 40. Re4+ Kc3
41. Rxe6 Bf8 42. Rf6 Bg7 43. Rf7 Rxf7+ 44. Bxf7 Kd4 1/2-1/2

[Event "21st ch-EUR Indiv w 2021"]
[Site "Iasi ROU"]
[Date "2021.08.18"]
[Round "9.17"]
[White "Tsolakidou, Stavroula"]
[Black "Fataliyeva, Ulviyya"]
[Result "1/2-1/2"]
[WhiteTitle "IM"]
[BlackTitle "WGM"]
[WhiteElo "2389"]
[BlackElo "2253"]
[WhiteFideId "4264312"]
[BlackFideId "13403052"]
[EventDate "2021.08.09"]

1. d4 d5 2. c4 e6 3. Nf3 a6 4. Nbd2 dxc4 5. Nxc4 b5 6. Nce5 Bb7 7. a4 Nd7 8. e3
b4 9. Bd3 c5 10. O-O Nxe5 11. dxe5 Qc7 12. Qe2 Ne7 13. b3 Ng6 14. Bb2 Be7 15.
Rac1 O-O 16. h4 f6 17. exf6 Bxf6 18. Bxf6 Rxf6 19. Ng5 Nxh4 20. Bxh7+ Kh8 21.
Qh5 Rh6 22. Nf7+ Kxh7 23. Nxh6 Nf3+ 24. gxf3 gxh6 25. Rfd1 Rg8+ 26. Kf1 Rg5 27.
Qe8 Bd5 28. Qf8 Bxb3 29. Rd8 Qg7 30. Qxg7+ Kxg7 31. f4 Rh5 32. Ke2 Bxa4 33. Rg1+
Kf7 34. e4 Bb5+ 35. Ke3 Rh3+ 36. f3 Rh2 37. Rd2 Rxd2 38. Kxd2 c4 39. Rh1 c3+ 40.
Kc2 Ba4+ 41. Kd3 Bb5+ 42. Kc2 Be2 43. f5 exf5 44. exf5 Kf6 45. Rxh6+ Kxf5 46.
Rh4 a5 47. Rh5+ Kf4 48. Rxa5 Ke3 49. Re5+ Kxf3 50. Rc5 1/2-1/2

[Event "21st ch-EUR Indiv w 2021"]
[Site "Iasi ROU"]
[Date "2021.08.18"]
[Round "9.18"]
[White "Semenova, Elena1"]
[Black "Bulmaga, Irina"]
[Result "1-0"]
[WhiteTitle "WIM"]
[BlackTitle "IM"]
[WhiteElo "2212"]
[BlackElo "2413"]
[WhiteFideId "24125148"]
[BlackFideId "13903063"]
[EventDate "2021.08.09"]

1. e4 c5 2. Nc3 Nc6 3. Nf3 e5 4. Bc4 d6 5. d3 Be7 6. Nd2 Bg5 7. h4 Bh6 8. Qh5 g6
9. Qd1 Be6 10. Nd5 Qd7 11. a4 O-O-O 12. Bb5 Kb8 13. a5 a6 14. Ba4 Qc8 15. Nc4
Bxd5 16. Nb6 Qc7 17. Nxd5 Qc8 18. Bxh6 Nxh6 19. Qd2 Ng8 20. Bxc6 Qxc6 21. b4
cxb4 22. O-O Qd7 23. Rfb1 Ne7 24. Nf6 Qc6 25. Rxb4 Rc8 26. Rab1 b5 27. c4 d5 28.
Nxd5 Nxd5 29. exd5 Qd6 30. Qe3 Rc5 31. cxb5 Rhc8 32. bxa6+ Ka8 33. a7 R8c7 34.
d4 Rxd5 35. dxe5 Qc5 36. Qb3 Rd2 37. Qf3+ Qd5 38. Qe3 Rc5 39. Rb8+ Kxa7 40.
R8b7+ Ka8 41. Rb8+ Ka7 42. Rd8 1-0